Football - Les Français passés par le RB Leipzig - Statistiques

Statistiques générales
  • Ce quiz a été pris 80 fois
  • Le résultat moyen est 5 sur 8
Statistiques - réponses
Année d'arrivée Nombre de matchs Nombre de buts Réponse % Correct
2019 172 70 Christopher NKUNKU
94%
2017 154 4 DAYOT UPAMECANO
81%
2017 95 4 Ibrahima KONATÉ
63%
2023 56 1 Castello LUKEBA
59%
2021 122 7 Mohamed SIMAKAN
59%
2018 146 10 Nordi MUKIELE
53%
2017 67 20 Jean-Kévin AUGUSTIN
26%
2023 17 0 El Chadaille BITSHIABU
24%
Aucun quiz correspondant
Distribution des résultats
% des personnes avec chaque résultat
Percentile par nombre de réponses
Votre historique - résultats
Vous n’avez pas pris ce quiz